00459nam a2200145Ia 4500001000900000003000500009005001700014008004100031010001100072040001800083100003100101245010100132260006900233300001100302dia_6713CHAP20251029170538.0220117s1970 xx 000 0 und d a178032 cCHAPamxchpua aHernández Pallares, Luis aComo cultivar el trigo en el Bajío /c Luis Hernández Pallares y Francisco Vargas Sánchez aMéxico :b SAG. Departamento de Extensión Agrícola,c1970 a[3] p.